Où se situent ces statues? - Statistiques

Statistiques générales
  • Ce quiz a été pris 358 fois
  • Le résultat moyen est 13 sur 20
Statistiques - réponses
Par images Réponse % Correct
Brésil
100%
États-Unis
100%
Égypte
99%
France
97%
Italie
94%
Chine
89%
Inde
81%
Japon
77%
Royaume-Uni
74%
Russie
73%
Thaïlande
73%
Allemagne
71%
Espagne
66%
Belgique
52%
Cambodge
52%
Mongolie
43%
Australie
39%
Birmanie
33%
Cuba
10%
Arménie
5%
Aucun quiz correspondant
Distribution des résultats
% des personnes avec chaque résultat
Percentile par nombre de réponses
Votre historique - résultats
Vous n’avez pas pris ce quiz